Wszystkie flagi Morza Śródziemnego - Nagła śmierć - Statystyki

Ogólne statystyki
  • Ten quiz został rozwiązany 599 razy
  • Średni wynik to 11 z 21
Answers on the Grid
Answers color-coded by a green-red scale on the quiz's grid according to % correct below.
 
Statystyki odpowiedzi
Odpowiedź % Poprawnych
67%
66%
65%
63%
61%
57%
56%
55%
52%
51%
51%
49%
49%
47%
45%
42%
42%
39%
38%
34%
28%
Nie znaleziono quizów pasujących do podanych kryteriów
Rozkład punktacji
Procent ludzi z każdym wynikiem
Percentyl według liczby udzielonych odpowiedzi
Twoja historia wyników
Nie rozwiązałeś tego quizu